| 000 | 00602aam a2200217 4500 | ||
|---|---|---|---|
| 005 | 20161020085220.0 | ||
| 008 | 150624b xxu||||| |||| 00| 0 spa d | ||
| 041 | _aspa | ||
| 082 | _a651.7 P434r | ||
| 100 |
_aPazos Jiménez, Ethel _91009 |
||
| 245 | _aRedacción de informes técnicos | ||
| 260 |
_aCosta Rica _bE. Pazos _c2009 |
||
| 300 | _a155 páginas | ||
| 650 |
_aREDACCIÓN _9356 |
||
| 650 |
_aCORRESPONDENCIA _92563 |
||
| 650 |
_aCOMUNICACIÓN _9490 |
||
| 650 |
_aREDACCIÓN DE INFORMES _94722 |
||
| 650 |
_aTIPOS DE INFORMES _925542 |
||
| 650 |
_aCOMUNICACIÓN ESCRITA _9353 |
||
| 942 | _cBK | ||
| 999 |
_c3024 _d3024 |
||